Score 0/32 Timer 06:00
0 Plays Today
Non Duo Word(s) forming two famous duos % Correct
Garfunkel & SchusterSimon
95.4%
Batman & The Seven HoodsRobin
94%
Ben & TomJerry
86.4%
Jill & DianeJack
73.9%
Clyde & DelaneyBonnie
73.7%
Joon & The JetsBenny (Bennie)
71.1%
Kathy Lee & KellyRegis
68.8%
Charlie & Willy WonkaThe Chocolate Factory
68.8%
Away & WideFar
68.7%
Harry & The Lone RangerTonto
62.9%
The Argonauts & The ScorchersJason
62.6%
Decker & BlueBlack
61.7%
The Crow and The HoundThe Fox
60.8%
Carry & TangoCash
58.6%
Sam & BustersDave
56.8%
Clark & HiLois
56.3%
Non Duo Word(s) forming two famous duos % Correct
Leopold & AllieKate
55.7%
Minnie & SylviaMickey
54.9%
Mirrors & FireSmoke
54.5%
Stream & TrackField
53.9%
Hammerstein & HartRodgers
49.8%
Clark & MartinLewis
44.7%
Mr. Chicken & Mrs. MuirThe Ghost
43.6%
Micki & HaroldMaude
39.1%
The Muffins and the VandellasMartha
39%
Peck & GatherHunt
38.5%
Andy & AndrewAmos
35.3%
Sluggo & SidNancy
34.3%
Daniel Webster & Max DevlinThe Devil
32.9%
Mike & Fibber McGeeMolly
31.8%
Drake & S.A.M.Josh
26.4%
Mad Dog & HopeGlory
19.6%
Remove Ads.
Support Sporcle.
Get the best of Sporcle when you Go Orange. This ad-free experience offers more features, more stats, and more fun while also helping to support Sporcle. Thank you for becoming a member.

You're not logged in!

Compare scores with friends on all Sporcle quizzes.
OR
Log In

Show Comments

Extras

Top Quizzes Today


Score Distribution

Your Account Isn't Verified!

In order to create a playlist on Sporcle, you need to verify the email address you used during registration. Go to your Sporcle Settings to finish the process.

Report this User

Report this user for behavior that violates our Community Guidelines.

Details: